000 00428nam a2200133Ia 4500
008 220217s9999 xx 000 0 und d
245 0 _aMethods of testing vulcanized rubber. Part A 15. Determination of creep
260 _aLondon
260 _c1982
_bBritish Standards Institution
490 _aBritish Standard
500 _aStandard number: BS 903: Part A 15
650 _aVulcanized rubber-Creep determination
942 _cST
999 _c73231
_d73231